[Event "Izmailov Memorial op 10th"]
[Site "Tomsk"]
[Date "2006.07.17"]
[Round "6"]
[White "Kulakova, Veronika"]
[Black "Monastyrev, Stepan"]
[Result "1-0"]
[WhiteElo "2075"]
[BlackElo "1997"]
[PlyCount "63"]
[EventDate "2006.07.12"]
[EventType "swiss"]
[EventRounds "9"]
[EventCountry "RUS"]
[SourceTitle "EXT 2008"]
[Source "ChessBase"]
[SourceDate "2007.11.25"]
[SourceVersion "1"]
[SourceVersionDate "2007.11.25"]
[SourceQuality "1"]

1. e4 e5 2. Nf3 Nf6 3. Nc3 c6 4. Nxe5 Qe7 5. Nf3 Nxe4 6. Nxe4 Qxe4+ 7. Qe2 Qxe2+ 8. Bxe2 Be7 9. d4 0-0 10. Bf4 d6 11. 0-0-0 b5 12. d5 cxd5 13. Bxb5 Be6 14. Nd4 a6 15. Ba4 Rd8 16. Rhe1 g5 17. Bg3 h5 18. Nxe6 fxe6 19. Rxe6 Kf7 20. Rde1 Bf8 21. h4 gxh4 22. Bxh4 Rc8 23. Be8+ Kg8 24. Bxh5 Nc6 25. Rg6+ Kh7 26. Bf6 Nb4 27. Rg3 Rxc2+ 28. Kd1 Rxf2 29. Bg6+ Kg8 30. Be8+ Bg7 31. Bxg7 Nc2 32. Be5+ 1-0